De intellectu sive scientia dei

Na minha lista:  
Detalhes bibliográficos
Authors: Hoepfner, Heinrich (Author) ; Fischer, Elias (Author)
Tipo de documento: Print Livro
Idioma:Língua não determinada
Serviço de pedido Subito: Pedir agora.
Verificar disponibilidade: HBZ Gateway
WorldCat: WorldCat
Interlibrary Loan:Interlibrary Loan for the Fachinformationsdienste (Specialized Information Services in Germany)
Publicado em: Lipsiae Janson 1622
Em:Ano: 1622
Sammlungen:

MARC

LEADER 00000cam a22000002c 4500
001 591686392
003 DE-627
005 20240516144421.0
007 tu
008 090128s1622 xx ||||| 00| ||und c
026 |e a.a, i.ia nea. coQv C 1622R  |2 fei 
035 |a (DE-627)591686392 
035 |a (DE-576)9591686390 
035 |a (DE-599)GBV591686392 
035 |a (OCoLC)551730661 
040 |a DE-627  |b ger  |c DE-627  |e rakwb 
084 |a 1  |2 ssgn 
100 1 |a Hoepfner, Heinrich  |e Präses  |4 aut 
245 1 0 |a De intellectu sive scientia dei 
264 1 |a Lipsiae  |b Janson  |c 1622 
300 |a A-B4 
336 |a Text  |b txt  |2 rdacontent 
337 |a ohne Hilfsmittel zu benutzen  |b n  |2 rdamedia 
338 |a Band  |b nc  |2 rdacarrier 
502 |a Leipzig, Univ., Theol. Diss., 1622 
700 1 |a Fischer, Elias  |e Resp.  |4 aut 
751 |a Leipzig  |4 uvp 
935 |a RFBW  |a mteo 
951 |a BO 
ELC |b 1 
LOK |0 000 xxxxxcx a22 zn 4500 
LOK |0 001 4494105708 
LOK |0 003 DE-627 
LOK |0 004 591686392 
LOK |0 005 20240516143622 
LOK |0 008 240229||||||||||||||||ger||||||| 
LOK |0 040   |a DE-Tue135  |c DE-627  |d DE-Tue135 
LOK |0 092   |o n 
LOK |0 852   |a DE-Tue135 
LOK |0 852 1  |9 00 
LOK |0 866   |x SPQUE#Reformationsgeschichtliche Forschungsbibliothek Wittenberg#SPSAM#Predigerseminar#SPUSM#Altbestand#SPSYS#Dissertationen 
LOK |0 935   |a RFBW  |a bips  |a psab 
LOK |0 939   |a 29-02-24  |b l01 
ORI |a SA-MARC-ixtheoa001.raw